00903cam a22002414a 4500999001500000001000600015003000900021005001700030008004100047040003800088082001900126245003700145250001200182260004200194300002400236650004500260650003900305710002600344906004500370942001200415952011700427952011700544 c1484d148415579BD-DhUAP20200209095737.0200209s2006 bg w 000 0 eng  aBD-DhUAPcBD-DhUAPdBD-DhUAPbEng 223a345.05 CRI00aCriminal reference :b2001-2005. a1st ed. aDhaka :bDhaka Law Chronicles,c2006. a186 pages ;c25 cm. 0aCriminal procedurezBangladeshvDigests. 0aCriminal lawzBangladeshvDigests.2 aDhaka Law Chronicles. a7bcbccorigoded2encipf20gy-gencatlg 2ddccBK 00102ddc4070aUAPCLbUAPCLcGeneral Stacksd2020-02-09o345.05 CRIp3010015579r2020-02-09t1w2020-02-09yBK 00102ddc4070aUAPCLbUAPCLcGeneral Stacksd2020-02-09o345.05 CRIp3010015578r2020-02-09t2w2020-02-09yBK